1205 1502 1552 1166 1620 1237 1711 1700 1398 1635 1625 1456 1541 1820 1514 1127 1721 1245 1103 1549 1355 1194 1606 1015 1498 1113 1415 1250 1146 1130 1978 1379 1888 1972 1037 1715 1305 1459 1802 1915 1125 1422 1597 1496 1742 1404 1884 1417 1408 1763 1908 1839 1386 1124 1773 1488 1066 1438 1582 1407 1559 1041 1595 1215 1847 1449 1456 1969 1586 1030 1131 1257 1428 1862 1628 1334 1080 1630 1835 1678 1824 1436 1414 1121 1497 1359 1670 1827 1310 1108 1958 1125 1818 1713 1600 1333 1517 1703 1173 BCNSPRNW ULIB Ver.6.0+V

เปลี่ยนเป็นภาษาไทย

Change to English
 แสดงรายละเอียดบรรณานุกรม
  กลับหน้าหลัก

Brief Record : Get Marc (ISO 2709) : E-mail record : QR code < ปิดหน้าต่าง
LEADER : 00000nam 2200000uu 4500
001    13399114475
003     ULIB
008    120404s2552||||th 000 0 tha d
020    ^a9786119002852
090    ^aนว.^bส655H 2552
100 0  ^aสายลมหนาว
245 00 ^aHelp me My Heart สะกิดรักสลับหัวใจ 2/^cสายลมหนาว
250    ^aพิมพ์ครั้งที่ 1
260    ^aกรุงเทพฯ :^bCHEEZE,^c2552
300    ^a171 หน้า
710 1  ^aCHEEZE
945    ^p148^l0^i15937
995    ^aกัณชพร
999    ^aใช้งานได้ทุกระบบ
รายการนี้ยังไม่มีแท็ก
คุณยังไม่ได้ล็อกอิน คุณสามารถมีกิจกรรมร่วมกับเว็บไซต์ได้ แต่ต้องล็อกอินก่อน ::
  ล็อกอิน

รายการสื่อสารสนเทศ

ลำดับที่ ประเภท เลขเรียก/บาร์โค้ด สถานที่ สถานะ
1. นวนิยาย
นวนิยาย
นว. ส655H 2552  
  Barcode: 15937
ห้องสมุดวิทยาเขตสวรรค์ประชารักษ์
►นวนิยาย
บนชั้น
  ขอยืม

รายการใกล้เคียง
    ผู้แต่ง [สายลมหนาว]

BibComment


ยังไม่เคยถูกคอมเมนท์

คอมเมนท์ทรัพยากรรายการนี้
  คอมเมนท์: Help me My Heart..


 Copyright 2026. Bcnsprnw @Library